Ceramics and trade: the production and distribution of later medieval pottery in north-west Europe
Salvato in:
| Autori principali: | , |
|---|---|
| Natura: | Libro |
| Lingua: | spagnolo |
| Pubblicazione: |
Sheffield
University of Sheffield
1983
|
| Soggetti: | |
| Tags: |
Aggiungi Tag
Nessun Tag, puoi essere il primo ad aggiungerne!!
|
MARC
| LEADER | 00000nam a2200000 a 4500 | ||
|---|---|---|---|
| 001 | UCO2043 | ||
| 003 | CL-VaPUC | ||
| 008 | 000602e19830000UK |||||||||||||||||spa|d | ||
| 082 | 0 | 4 | |a 738.094 |b DAV |2 21 |
| 100 | 0 | |a Davey, Peter |e author |9 444730 | |
| 700 | 0 | |a Hodges, Richard |e author |9 444731 | |
| 245 | 1 | 0 | |a Ceramics and trade: the production and distribution of later medieval pottery in north-west Europe |
| 300 | |a 305 p | ||
| 942 | |c BK | ||
| 945 | |d 20000602 00:00:00 |a crobeson | ||
| 260 | |a Sheffield |b University of Sheffield |c 1983 | ||
| 650 | 0 | |a ceramica |9 262882 | |
| 650 | 0 | |a Comercio |9 255341 | |
| 650 | 0 | |a Historia del arte |9 314877 | |
| 651 | 0 | |a Europa |9 255156 | |
| 583 | |a last modification |c 20000602 00:00:00 |k Rodrigo Vera | ||
| 999 | |c 288586 |d 288584 | ||
| 952 | |0 0 |1 0 |4 0 |6 738_094000000000000_DAV_1983 |7 0 |8 X |9 336361 |a BIBHIS |b BIBHIS |d 2019-11-20 |i 1277804 |o 738.094 DAV 1983 |p 1277804 |r 2024-01-30 |w 2019-11-20 |y BK_X |k HIS | ||